Normal view
MARC view
- Zeeshan Asif
Entry Personal Name
001 - CONTROL NUMBER
- control field: 106164
003 - CONTROL NUMBER IDENTIFIER
- control field: NUST
005 - DATE AND TIME OF LATEST TRANSACTION
- control field: 20221228100207.0
008 - FIXED-LENGTH DATA ELEMENTS
- fixed length control field: 221228|| aca||aabn | a|a d
040 ## - CATALOGING SOURCE
- Original cataloging agency: NUST
- Transcribing agency: NUST
100 ## - HEADING--PERSONAL NAME
- Personal name: Zeeshan Asif
670 ## - SOURCE DATA FOUND
- Source citation: Work cat.: (NUST)12273: Zeeshan Asif , Channel Assignment in Non-Cooperative coexisting collecated independent cognitive radio notworks , 2013
